| 000 | 00904nam a2200217Ia 4500 | ||
|---|---|---|---|
| 003 | Ost | ||
| 005 | 20260507075555.0 | ||
| 008 | 260507s9999||||xx |||||||||||||| ||und|| | ||
| 020 | _a9960402711 | ||
| 040 | _cfsecg | ||
| 041 | _aara | ||
| 082 | _a300 | ||
| 100 |
_aجورج، سوروس _eمؤلف |
||
| 245 | 0 |
_aجورج سوروس و العولمة / _c سوروس جورج |
|
| 260 |
_aالرياض: _bمكتبة العبيكان, _c2003 |
||
| 300 |
_a222 صفحة؛ _c24 سم |
||
| 520 | _aالتجارة الدولية: منظمة التجارة العالمية و المساعدات الدولية, العنصر المفقود اضافة الى الاصلاح البنيوي ’ مصارف التنمية متعددة الاغراض و الاستقرار المالي, صندوق النقد الدولي. | ||
| 653 | _aالعولمة | ||
| 653 | _aجورج سوروس | ||
| 942 | _cكتاب | ||
| 999 |
_c44952 _d44952 |
||